000 00479nmm a2200193 a 4500
003 AR-X00000XY
005 20251128212022.0
008 147020s1971 ||||||||||||||000 | spa||
040 _cAR-X00000XY
100 1 _aLiscano, Juan
245 1 0 _aLos nuevos días
_bpoemas
260 _aCaracas
_bArte
_c1971
300 0 _a33 p.
_bláms.
500 0 _aEjemplar numerado nº 146
655 _aLITERATURA
700 1 _aPuerta, Henry
_eilustrador
942 _cBK
998 _cmartin
999 _c22100
_d22100